00318 a2200133 450000100060000002000190000604000370002510000270006224000300008924500250011930000070014436200090015165000240016074357 a97888532279989 cAnchieta - Colégio São Paulo aGuimarães, Alexandre10aUm gole, uma palavralpor10aUm gole, uma palavra a450 a2011 4aLiteratura infantil